000 00663nam a2200193 i 4500
001 24215
003 ES-MaACL
005 20230906153017.0
007 t|
008 021216s1963 sp |||| | spa d
100 1 _aAndrés y Aguilar, José Luis.
_921622
245 1 3 _aLa importancia de la broncografía en la cirugía de pulmón /
_cpor José Luis Andrés y Aguilar.
260 _aZaragoza :
_bInstitución Fernando el Católico,
_c1963.
300 _a48 p., 9 lám. ;
_c24 cm.
650 4 _aBronquios-
_xRadiografía.
_9165129
650 4 _aPulmones-
_xCirugía.
_9136790
710 2 _aInstitución "Fernando el Católico"
_94721
852 _aES-MaACL
_jC-23951
999 _c24215
_d24215